01010nam a2200181Ia 4500008004100000020001500041050002100056100004000077245013700117250001700254260005100271300002800322490005100350500009300401505027100494650003600765650002700801120625s19841999es 000 0 esp d a847112302914aHQ784.M3 bG74181 aGreenfield, Patricia Markse, autor13aEl niño y los medios de comunicaciónb: los efectos de la televisión, video-juegos y ordenadores c/ Patricia Marks Greenfield a2a edición3 aEspañaa: Madridb: Ediciones Moratac, 1984 a243 páginasc; 19 cm. aSerie Bruner: El desarrollo en el niñov; 16 aReimpresión 1999 Traducción de: Mind and media.-- Incluye bibliografía e índice aLos medio electrónicos Cine y Televisión como lectura Televisión y aprendizaje El uso de la TV para superar situaciones de desventaja educativa Comparación entre los distintos medios: imprenta, radios y TV Vídeo-juegos Irdenadores Educación "multimedia"10aMEDIOS DE COMUNICACION DE MASAS20aDESARROLLO INFANTIL